Manual of Midwifery and Gynecological Nursing (Record no. 158367)

MARC details
000 -LEADER
fixed length control field 00399nam a2200145Ia 4500
008 - FIXED-LENGTH DATA ELEMENTS--GENERAL INFORMATION
fixed length control field 230411s9999 xx 000 0 und d
020 ## - INTERNATIONAL STANDARD BOOK NUMBER
International Standard Book Number 978-93-86261-61-8
041 ## - LANGUAGE CODE
Language code of text/sound track or separate title eng
082 ## - DEWEY DECIMAL CLASSIFICATION NUMBER
Classification number OG/610.736 8/JAC/B09007
100 ## - MAIN ENTRY--PERSONAL NAME
Personal name Jacob Annamma
245 ## - TITLE STATEMENT
Title Manual of Midwifery and Gynecological Nursing
260 ## - PUBLICATION, DISTRIBUTION, ETC. (IMPRINT)
Name of publisher, distributor, etc. Jaypee Brothers
Place of publication, distribution, etc. New Delhi
Date of publication, distribution, etc. 2017
300 ## - PHYSICAL DESCRIPTION
Extent 667p
Holdings
Withdrawn status Lost status Damaged status Not for loan Collection code Home library Current library Date acquired Vendor Cost, normal purchase price Bill number Full call number Barcode Date last seen Cost, replacement price Bill Date Koha item type Original Barcode Total Checkouts Total Renewals Date last checked out
      Reference Gynecology Smt. Bakul Tambat Institute of Nursing Education Smt. Bakul Tambat Institute of Nursing Education 20/12/2018 Patil Medical Book House 425.00 7251 OG 610.736 8 JAC B09007 BTIN-BK-9007 11/04/2023 289.00 06/12/2018 Books B09007      
        Gynecology Smt. Bakul Tambat Institute of Nursing Education Smt. Bakul Tambat Institute of Nursing Education 20/12/2018 Patil Medical Book House 425.00 7251 OG 610.736 8 JAC B09008 BTIN-BK-9008 14/10/2024 289.00 06/12/2018 Books B09008 1 1 31/08/2024
        Gynecology Smt. Bakul Tambat Institute of Nursing Education Smt. Bakul Tambat Institute of Nursing Education 20/12/2018 Patil Medical Book House 425.00 7251 OG 610.736 8 JAC B09009 BTIN-BK-9009 12/04/2024 289.00 06/12/2018 Books B09009 1   30/03/2024
        Gynecology Smt. Bakul Tambat Institute of Nursing Education Smt. Bakul Tambat Institute of Nursing Education 20/12/2018 Patil Medical Book House 425.00 7251 OG 610.736 8 JAC B09010 BTIN-BK-9010 23/09/2024 289.00 06/12/2018 Books B09010 4 2 31/08/2024
        Gynecology Smt. Bakul Tambat Institute of Nursing Education Smt. Bakul Tambat Institute of Nursing Education 20/12/2018 Patil Medical Book House 425.00 7251 OG 610.736 8 JAC B09011 BTIN-BK-9011 11/04/2023 289.00 06/12/2018 Books B09011